Energy audits : (Record no. 597540)
[ view plain ]
| 000 -LEADER | |
|---|---|
| fixed length control field | 00351nam a2200121Ia 4500 |
| 008 - FIXED-LENGTH DATA ELEMENTS--GENERAL INFORMATION | |
| fixed length control field | 230907s9999||||xx |||||||||||||| ||und|| |
| 082 ## - DEWEY DECIMAL CLASSIFICATION NUMBER | |
| Classification number | 658.26 |
| Author Mark | SHE-E |
| 100 ## - MAIN ENTRY--PERSONAL NAME | |
| Personal name | Al-Shemmeri, Tarik. |
| 9 (RLIN) | 114730 |
| 245 #0 - TITLE STATEMENT | |
| Title | Energy audits : |
| 260 ## - PUBLICATION, DISTRIBUTION, ETC. | |
| Place of publication, distribution, etc. | Wiley-Blackwell, |
| Name of publisher, distributor, etc. | Chichester, West Sussex, UK ; | Ames, Iowa : |
| Date of publication, distribution, etc. | 2011 |
| 300 ## - PHYSICAL DESCRIPTION | |
| Extent | xxvi, 292 p. : |
| 942 ## - ADDED ENTRY ELEMENTS (KOHA) | |
| Koha item type | Book |
| Withdrawn status | Lost status | Damaged status | Not for loan | Permanent Location | Current Location | Date acquired | Total Checkouts | Full call number | Barcode | Date last seen | Date last checked out | Price effective from | Koha item type |
|---|---|---|---|---|---|---|---|---|---|---|---|---|---|
| US-Pakistan Center for Advanced Studies in Energy (USPCAS-E) | Central Library (CL) | 07/13/2018 | 1 | 658.26 SHE-E | CAS-E0001639 | 04/30/2024 | 10/05/2023 | 09/12/2023 | Book |
